Digital electronics practice using integrated circuits (Record no. 39301)

MARC details
000 -LEADER
fixed length control field 00326nam a2200121Ia 4500
082 ## - DEWEY DECIMAL CLASSIFICATION NUMBER
Classification number 681.322
Item number JAI
100 ## - MAIN ENTRY--AUTHOR NAME
Personal name Anand, M M S
245 #0 - TITLE STATEMENT
Title Digital electronics practice using integrated circuits
260 ## - PUBLICATION, DISTRIBUTION, ETC. (IMPRINT)
Place of publication New Delhi
Name of publisher Tata McGraw Hill
Year of publication 1986
700 ## - ADDED ENTRY--PERSONAL NAME
Personal name R P
942 ## - ADDED ENTRY ELEMENTS (KOHA)
Koha item type Books
Holdings
Withdrawn status Lost status Damaged status Not for loan Home library Current library Date acquired Full call number Accession Number Koha item type
        RRII Library RRII Library 16/12/2021 681.322 JAI 19639 Books